Subdivision capitals closest to Stans (CH) - Statistics

General Stats
  • This quiz has been taken 10 times
  • The average score is 17 of 20
Answer Stats
Distance (km) Answer % Correct
8 54 Aarau
100%
3 23 Altdorf
100%
15 89 Basel
100%
10 70 Bern/Berne
100%
17 89 Chur
100%
7 54 Glarus/Glaris
100%
2 11 Luzern
100%
1 11 Sarnen
100%
14 85 Schaffhausen
100%
4 23 Schwyz
100%
9 69 Solothurn
100%
5 26 Zug
100%
6 47 Zürich
100%
18 90 Delémont
75%
12 78 Frauenfeld
75%
11 76 Liestal
75%
16 89 Appenzell
50%
13 84 Herisau
50%
20 90 Vaduz
50%
19 90 Schaan
25%
No matching quizzes found
Score Distribution
Percent of People with Each Score
Percentile by Number Answered
Your Score History
You have not taken this quiz